Family and Frends 4 Workbook

সংরক্ষণ করুন:
গ্রন্থ-পঞ্জীর বিবরন
প্রধান লেখক: Simmons, Naimi
বিন্যাস: গ্রন্থ
ভাষা:English
প্রকাশিত: OXFORD 2009
বিষয়গুলি:
ট্যাগগুলো: ট্যাগ যুক্ত করুন
কোনো ট্যাগ নেই, প্রথমজন হিসাবে ট্যাগ করুন!
Thư viện lưu trữ: Mạng thư viện Đại học Đà Nẵng
LEADER 00882nam a22002651a 4500
001 000034330
003 10522
005 20151027132116.0
008 151027s2009 000 eng
020 |a 9780194802727 
041 |a eng 
082 |a 420.83  |b SI-N  |2 Workbook 
100 |a Simmons, Naimi 
245 |a Family and Frends 4  |c Naimi Simmons  |n Workbook 
260 |a OXFORD  |c 2009 
300 |a 121p. : ill ; 30cm 
650 |a Family and Frends 4 
OWN |a LNN 
AVA |a UDN50  |b LNN  |c English  |d 420.83 SI-N  |e available  |t Error 5001 Not defined in file expand_doc_bib_avail.  |f 1  |g 0  |h N  |i 0  |j AN  |k 1 
999 |a From the UDN01 
AVA |a UDN50  |b LNN  |c English  |d 420.83 SI-N  |e available  |t Error 5001 Not defined in file expand_doc_bib_avail.  |f 1  |g 0  |h N  |i 0  |j AN  |k 1 
TYP |a Monograph 
980 |a Mạng thư viện Đại học Đà Nẵng